000 00587nam a2200241 a 4500
001 nice12345678
003 IN_TiNIC
005 20260116014922.0
008 100923s1966 a grp 000 0 eng
020 _a9780198369158
_c100
082 0 0 _a296.09
_bAND
100 _aAnderson, G W
245 _aHistory and Religion of Israel
260 _a
_bOxford University Press
_c1966
300 _a210p
500 _aincludes index and biblioraphy
505 2 _aIndices
650 _aJudaism-History
700 1 _aAnderson, G W
902 _bSRS
942 _cBK
999 _c17543
_d17543